Sports Quiz

Random Sports or Football Quiz
Score 0/20 Timer 06:00
0 Plays Today
Year Player % Correct
2011 (Panthers)Cam Newton
100%
2012 (Colts)Andrew Luck
100%
2015 (Buccaneers)Jameis Winston
100%
2018 (Browns)Baker Mayfield
100%
2019 (Cardinal)Kyler Murray
100%
2001 (Falcons)Micheal Vick
83.3%
2009 (Lions)Mathew Stafford
83.3%
2014 (Texans)Jadeveon Clowney
83.3%
2016 (Rams)Jared Goff
83.3%
2017 (Browns)Myles Garrett
83.3%
Year Player % Correct
2002 (Texans)David Carr
66.7%
2004 (Chargers)Eli Manning
66.7%
2003 (Bengals)Carson Palmer
66.7%
2007 (Raiders)JeMarcus Russell
66.7%
2008 (Dolphins)Jake Long
66.7%
2010 (Rams)Sam Bradford
66.7%
2000 (Browns)Courtney Brown
50%
2005 (49'ers)Alex Smith
50%
2006 (Texans)Mario Williams
50%
2013 (Chiefs)Eric Fisher
50%
Remove Ads.
Support Sporcle.
Get the best of Sporcle when you Go Orange. This ad-free experience offers more features, more stats, and more fun while also helping to support Sporcle. Thank you for becoming a member.

You're not logged in!

Compare scores with friends on all Sporcle quizzes.
OR
Log In

Show Comments

Extras

Created Sep 23, 2019ReportNominate
Tags:Football Quiz

Top Quizzes Today


Score Distribution

Your Account Isn't Verified!

In order to create a playlist on Sporcle, you need to verify the email address you used during registration. Go to your Sporcle Settings to finish the process.

Report this User

Report this user for behavior that violates our Community Guidelines.

Details: